00502cam a22001931 450000100060000000300080000600500170001400800390003103500190007003500190008904000400010804100080014808200160015610000190017224500320019126000320022330000310025561000220028622929BD-RjUL20211209000854.0140309s1958 enka 000 0 eng a(BD-RjUL)22994 a(OCoLC)1815523 aDLCcFJdUkdDLCd BD-RjUL . beng aeng a910.45bTRB1 aTredree, H. L.10aBlackwater /cH.L. Tredree, aLondon :bG. Ronald,c1958. a191 p. :billus. ;c21 cm.20aNormandier (Ship)